[Event "Gerunda Tardor 3rd op"]
[Site "Gerunda"]
[Date "2019.11.12"]
[Round "7.7"]
[White "Valle Luis, Leo"]
[Black "Vegas Cortes, Jose Maria"]
[Result "1-0"]
[WhiteElo "1799"]
[BlackElo "1760"]
[PlyCount "75"]
[EventDate "2019.09.24"]
[EventType "swiss"]
[EventRounds "9"]
[EventCountry "ESP"]
[SourceTitle "EXT 2024"]
[Source "ChessBase"]
[SourceDate "2023.10.10"]
[SourceVersion "1"]
[SourceVersionDate "2023.10.10"]
[SourceQuality "1"]

1. e4 e5 2. Nf3 Nc6 3. Bc4 Nf6 4. d3 Be7 5. c3 0-0 6. 0-0 d6 7. h3 Kh8 8. Nbd2 Ng8 9. Re1 f5 10. exf5 Bxf5 11. Nf1 Qd7 12. Ng3 Bxh3 13. gxh3 Qxh3 14. Nh2 Rxf2 15. Kxf2 Qxh2+ 16. Ke3 Bg5+ 17. Ke4 Qh4+ 18. Kf3 Rf8+ 19. Kg2 Bf4 20. Bxf4 exf4 21. Qf3 Nh6 22. Ne4 Ne5 23. Qf2 f3+ 24. Kg1 Qg4+ 25. Kh1 Qh3+ 26. Qh2 Qf5 27. Ng3 Qg4 28. Re4 Qd7 29. Kg1 Nhg4 30. Qh4 d5 31. Bxd5 Qxd5 32. Rxg4 f2+ 33. Kf1 Qxd3+ 34. Ne2 Nf3 35. Qg3 Nd2+ 36. Kg2 f1Q+ 37. Rxf1 Rxf1 38. Qxd3 1-0